| 000 -LEADER |
| fixed length control field |
00879pab a2200145 454500 |
| 008 - FIXED-LENGTH DATA ELEMENTS--GENERAL INFORMATION |
| fixed length control field |
180718b xxu||||| |||| 00| 0 eng d |
| 100 ## - MAIN ENTRY--PERSONAL NAME |
| Personal name |
Zafarullah, Habib |
| 245 ## - TITLE STATEMENT |
| Title |
Western Australia's turn of the century royal commission |
| 520 ## - SUMMARY, ETC. |
| Summary, etc. |
It is commentary on article by Michael Hollier and Allan Peachment in the June 1990 issue of AJPA. the focus of the article was wetern Australian Royal Commission which had inquired into the public service of the state in the immediate post-federation period. The author here points out that the 1902 Western Australian Royal Commission was not quite as "forgotten" as the authors of the original article had suggested, because it was given attention in his own doctoral thesis |
| 650 ## - SUBJECT ADDED ENTRY--TOPICAL TERM |
| Topical term or geographic name entry element |
Australia |
| 650 ## - SUBJECT ADDED ENTRY--TOPICAL TERM |
| Topical term or geographic name entry element |
Commission |
| 650 ## - SUBJECT ADDED ENTRY--TOPICAL TERM |
| Topical term or geographic name entry element |
Civil Service Commission |
| 773 ## - HOST ITEM ENTRY |
| Main entry heading |
Australian Journal of Public Administration |
| 909 ## - |
| -- |
1593 |